000 00918cam a22003017a 4500
003 CHAP
005 20220817044017.0
008 050404d2004 it rn 00110 fre d
010 _a89966
011 _a90938
020 _a9251051658
035 _a101495
040 _cCHAP
082 0 4 _a639.2
_bF46 v.720
110 2 _aFAO
245 1 0 _aReport of the AD HOC technical consultation on the development and management of the fisheries of lake Kariba
_c/by FAO
260 _aRome :
_bFAO,
_c2004.
300 _a18 p.
490 0 _aFAO. Informe de pesca
_v; 720
590 _aBATCH-UPD
_b10
_c20130110
_lUCH01
_h1045
590 _aCONVERSION
_b10
_c20130109
_lUCH01
_h1350
650 1 4 _aPesca
_xAfrica.
_987354
830 0 _aFAO. Informe de pesca
_v; 720
_939587
901 _aBK
905 _aAlejandra Carrasco M.
942 _cLIBRO
949 _a639.2 F46 v.720
_bBC
_cFAO
_d33724000798617
_eFAO1
_h105288
_i101495
_sb
999 _c89966
_d89966